LEADER 01200nam a2200313 a 4500 001 000000175937 003 CaOOAMICUS 005 20230614153026.0 008 230614s2004 it 000 u ita r 020 $a978-88-7105-175-0* 032 $aLibriCat 040 $aPUL$bita 082 04$a297 100 1 $aRizzardi, Giuseppe.$0(OLS)http://pul/name/35825 245 13$aIl linguaggio religioso dell'Islam /$cGiuseppe Rizzardi. 260 $aMilano :$bGlossa,$cİ2004. 300 $aVII, 197 pagine ;$c21 cm. 490 1 $aQuodlibet ;$v13 504 $aContiene riferimenti bibliografici. 650 4$aIslamismo$xStudi.$0(OLS)http://pul/subject/7447 830 0$aQuodlibet (Glossa) ;$v13.$0(OLS)http://pul/title/57327 850 $aPUL 852 $aPUL$W1$xSL Religione 3$y85$m297 RIZGI 1$j200103$qDDC 21$B204884$CPULBib$Z2$F204884 $H136306 $82 941 1 $a9 996 $6020$a978-88-7105-175-0*$9(OLS)http://pul/number/169177 996 $6082$a297$9(OLS)http://pul/classification/742 996 $6245$aIl linguaggio religioso dell'Islam$9(OLS)http://pul/title/217419 996 $6260$aMilano :$bGlossa$9(OLS)http://pul/publisher/53656 LEADER 01769nam a2200373 a 4500 001 000000125072 003 CaOOAMICUS 005 20110415123757.0 008 110415s2010 it u000 u ita r 020 $a978-88-8334-458-9 040 $aPUL$bita 082 04$a945.08 100 1 $aDe Giorgi, Fulvio,$d1956-$0(OLS)http://pul/name/1650 245 10$aMillenarismo educatore :$bmito gioachimita e pedagogia civile in Italia dal Risorgimento al fascismo /$cFulvio De Giorgi. 260 $aRoma :$bViella,$cİ2010. 300 $a359 p. ;$c24 cm 490 1 $aOpere di Gioacchino da Fiore.Testi e strumenti ;$v22 500 $aInclude indice. 504 $aBibliografia: p. [319]-346. 600 04$aJoachim de Flore,$dca. 1132-1202.$0(OLS)http://pul/subject/2886 650 4$aPedagogia$zItalia$ySec. XIX.$0(OLS)http://pul/subject/8070 650 4$aPedagogia$zItalia$ySec. XX.$0(OLS)http://pul/subject/37577 710 2 $aCentro internazionale di studi gioachimiti.$0(OLS)http://pul/name/3525 830 0$aOpere di Gioacchino da Fiore.$pTesti e strumenti ;$v22.$0(OLS)http://pul/title/37898 850 $aPUL 852 $aPUL$W1$xSL Cons. Gen., Altre Classi 3$y75$m945. 08 DEGFU 1$j143989$qDDC 21$B143044$CPULBib$Z2$F143044 $H115877 $82 941 1 $a9 960 $aIoachim de Floris,$dca. 1132-1202$92886 960 $aGioacchino da Fiore,$dc. 1132-1202$92886 996 $6020$a978-88-8334-458-9$9(OLS)http://pul/number/146935 996 $6082$a945.08$9(OLS)http://pul/classification/1911 996 $6245$aMillenarismo educatore :$bmito gioachimita e pedagogia civile in Italia dal Risorgimento al fascismo$9(OLS)http://pul/title/157677 996 $6260$aRoma :$bViella$9(OLS)http://pul/publisher/54599